|
|
|
|
| LEADER |
00000nam a2200000 a 4500 |
| 001 |
vtls010321292 |
| 003 |
SK-MaSNL |
| 005 |
20260426002603.0 |
| 008 |
240318s2011 xo g 000 0aslo |
| 015 |
|
|
|a SNBA2012/04-01835
|
| 020 |
|
|
|a 9788081121265
|q (brož.)
|
| 035 |
|
|
|a 6F008954-E39D-47C5-B812-DF1DB0268467
|
| 035 |
|
|
|a urn:nbn:sk:snk-amjixi
|
| 035 |
|
|
|a urn:nbn:sk:snk-am002bfe
|
| 040 |
|
|
|a SNK
|b slo
|c SNK
|e AACR2
|
| 041 |
1 |
|
|a slo
|h eng
|
| 044 |
|
|
|a xo
|c SK
|
| 072 |
|
7 |
|a 615
|x Farmácia. Farmakológia
|2 konspekt
|
| 080 |
|
|
|a 005.742-057.162
|2 2001
|
| 080 |
|
|
|a 615.1:005.71
|2 2001
|
| 080 |
|
|
|a 615:338.45
|2 2001
|
| 080 |
|
|
|a 343.721
|2 2001
|
| 080 |
|
|
|a 343.35
|2 2001
|
| 080 |
|
|
|a 339.9
|2 2001
|
| 080 |
|
|
|a 615.2/.45
|2 2001
|
| 080 |
|
|
|a (0:82-96)
|2 2001
|
| 080 |
|
|
|a 339.187
|2 2001
|
| 080 |
|
|
|a 615.065
|2 2001
|
| 100 |
1 |
|
|a Virapen, John,
|d 1943-
|4 aut
|9 482819
|
| 240 |
1 |
0 |
|a Medicine cult: A prescription for side effects and death
|l Slovensky
|
| 245 |
1 |
0 |
|a Kult liekov
|b recept na nežiadúce účinky a smrť
|c John Virapen ; [z anglického originálu preložila Eva Budjačová]
|
| 246 |
3 |
0 |
|a Recept na nežiadúce účinky a smrť
|
| 250 |
|
|
|a [1. vyd.]
|
| 260 |
|
|
|a Bratislava
|b Slovart Print
|c 2011
|
| 300 |
|
|
|a 170 s.
|c 20 cm
|
| 504 |
|
|
|a Odkazy na zdroje informácií na s. 158-170. Slovník výrazov
|
| 600 |
1 |
7 |
|a Virapen, John,
|d 1943-
|2 SNKMA
|9 482819
|
| 650 |
0 |
7 |
|a manažéri
|2 SNKPH
|9 1758
|
| 650 |
0 |
7 |
|a farmaceutický priemysel
|2 SNKPH
|9 73020
|
| 650 |
0 |
7 |
|a podvody
|2 SNKPH
|9 28896
|
| 650 |
0 |
7 |
|a korupcia
|2 SNKPH
|9 1699
|
| 650 |
0 |
7 |
|a svetová ekonomika
|2 SNKPH
|9 3976
|
| 650 |
0 |
7 |
|a liečivá
|2 SNKPH
|9 2452
|
| 650 |
0 |
7 |
|a predaj
|2 SNKPH
|9 13334
|
| 650 |
0 |
7 |
|a farmaceutické firmy
|2 SNKPH
|9 132135
|
| 650 |
0 |
7 |
|a vedľajšie účinky liekov
|2 SNKPH
|9 50836
|
| 650 |
0 |
7 |
|a Executives
|2 SNKPHeng
|9 275365
|
| 650 |
0 |
7 |
|a Pharmaceutical business enterprises
|2 SNKPHeng
|9 275241
|
| 650 |
0 |
7 |
|a Pharmaceutical industry
|2 SNKPHeng
|9 100163
|
| 650 |
0 |
7 |
|a Impostures
|2 SNKPHeng
|9 333349
|
| 650 |
0 |
7 |
|a Corrupt practices
|2 SNKPHeng
|9 267777
|
| 650 |
0 |
7 |
|a World economics
|2 SNPHeng
|9 267646
|
| 650 |
0 |
7 |
|a Pharmaceuticals
|2 SNKPHeng
|9 305696
|
| 650 |
0 |
7 |
|a Selling
|2 SNKPHeng
|9 287613
|
| 650 |
0 |
7 |
|a Side effects of drugs
|2 SNKPHeng
|9 434730
|
| 655 |
|
7 |
|a literatúra faktu
|2 SNKPH
|9 70526
|
| 655 |
|
7 |
|a Non-fiction
|2 SNKPHeng
|9 310495
|
| 700 |
1 |
|
|a Budjačová, Eva
|4 trl
|9 60728
|
| 919 |
|
|
|a 978-80-8112-126-5
|
| 958 |
|
|
|a MI
|
| 958 |
|
|
|a OP
|
| 968 |
|
|
|b ENG
|d 61
|
| 999 |
|
|
|c 922387
|d 924317
|
| 952 |
|
|
|a SNK
|b SNK
|y PREZ
|7 0
|p 17A0877067
|o snkSD 80773
|i snk2012/3180
|8 0
|0 0
|1 0
|4 0
|d 2012-02-06
|l 0
|r 2025-12-01 00:00:00
|w 2026-02-24
|
| 952 |
|
|
|a SNK
|b SNK
|y VYP
|7 0
|p 17A0877066
|o snkSD 80773 D1
|i snk2012/3181
|8 0
|0 0
|1 0
|4 0
|d 2012-02-06
|l 0
|r 2017-06-30 00:00:00
|w 2026-02-24
|